Lecturas de Ciencias Sociales
محفوظ في:
| مؤلف مشترك: | |
|---|---|
| التنسيق: | نص |
| منشور في: |
Ciudad de Guatemala:
Instituto de Investigaciones Políticas y Sociales
|
| الموضوعات: | |
| الوسوم: |
إضافة وسم
لا توجد وسوم, كن أول من يضع وسما على هذه التسجيلة!
|
MARC
| LEADER | 00000 a a2200000 04500 | ||
|---|---|---|---|
| 001 | 31651 | ||
| 003 | |||
| 040 | |||
| 090 | |a 199105 | ||
| 110 | |a Universidad de San Carlos de Guatemala. Escuela de Ciencia Politica. Instituto de Investigaciones Políticas y Sociales | ||
| 245 | |a Lecturas de Ciencias Sociales | ||
| 260 | |a Ciudad de Guatemala: |b Instituto de Investigaciones Políticas y Sociales | ||
| 300 | |a 249 p. | ||
| 500 | |a Tomado de revista Letras, Octubre 2001 | ||
| 650 | |a IDENTIDAD CULTURAL | ||
| 650 | |a TEORIA | ||
| 650 | |a NACIONALIDAD | ||
| 650 | |a PLURALISMO CULTURAL | ||
| 999 | |c 9589 |d 9589 | ||
